LIBRARY & INFORMATION CENTRE, KCAET, TAVANUR

ONLINE PUBLIC ACCESS CATALOGUE (OPAC)

Crop water requirement and irrigation scheduling of selected crops using CROPWAT: A case study of Pattambi region (Record no. 15707)

MARC details
000 -LEADER
fixed length control field 00508nam a2200157 4500
003 - CONTROL NUMBER IDENTIFIER
control field OSt
082 ## - DEWEY DECIMAL CLASSIFICATION NUMBER
Classification number 631.587
Item number AIS/C
088 ## - REPORT NUMBER
Report number P 439
100 ## - MAIN ENTRY--AUTHOR NAME
Personal name Aiswarya Johnson
100 ## - MAIN ENTRY--AUTHOR NAME
Personal name Ashika N P
100 ## - MAIN ENTRY--AUTHOR NAME
Personal name Parvathy Nayana N
245 ## - TITLE STATEMENT
Title Crop water requirement and irrigation scheduling of selected crops using CROPWAT: A case study of Pattambi region
260 ## - PUBLICATION, DISTRIBUTION, ETC. (IMPRINT)
Place of publication Tavanur
Name of publisher Department of Irrigation and Drainage Engineering
Year of publication 2019
700 ## - ADDED ENTRY--PERSONAL NAME
Personal name Asha Joseph (Guide)
942 ## - ADDED ENTRY ELEMENTS (KOHA)
Koha item type Project Report
Holdings
Collection code Home library Current library Shelving location Full call number Accession Number Koha item type
Reference KAUAET KAUAET Reference 631.587 AIS/C P 439 Project Report
free website counter